Návrh malého hybridného fotovoltického systému pre vybraný objekt

Na minha lista:
Detalhes bibliográficos
Autor principal: Ilavský, Lukáš (Author)
Outros Autores: Pípa, Marek (Thesis advisor)
Formato: Manuscrito Livro
Idioma:eslovaco
Publicado em: Bratislava : STU v Bratislave FEI, 2025
Assuntos:
Acesso em linha:https://opac.crzp.sk/?fn=detailBiblioFormChildA11NUK7&sid=BA75C2D62745AD5726E8979ED92F&seo=CRZP-detail-kniha
Tags: Adicionar Tag
Sem tags, seja o primeiro a adicionar uma tag!

MARC

LEADER 00000ntm a22000003a 4500
001 stuzp102340
003 SK-STU
005 20260203094025.4
007 ta
008 150427s2015----xo-----f-mn---000-0-slo-d
040 |a STU  |b slo 
041 0 |a slo 
044 |a xo 
100 1 |a Ilavský, Lukáš  |u 032000  |4 aut  |U FEI Fakulta elektrotechniky a informatiky  |T FEI Ústav elektroenergetiky a aplikovanej elektrotechniky  |X 120695  |U E020  |Y 548  |7 120695 
242 0 1 |a Design of Small Hybrid Photovoltaic System for Selected Object  |y eng 
245 1 0 |a Návrh malého hybridného fotovoltického systému pre vybraný objekt 
260 |a Bratislava :  |b STU v Bratislave FEI,  |c 2025 
300 |a 69 s. 
650 4 |a zdieľanie elektriny  |2 slo 
650 4 |a fotovoltický systém  |2 slo 
650 4 |a hybridný systém  |2 slo 
650 4 |a dotácia  |2 slo 
650 4 |a legislatíva  |2 slo 
650 4 |a virtuálna batéria  |2 slo 
650 4 |a photovoltaic system  |2 eng 
650 4 |a hybrid system  |2 eng 
650 4 |a subsidy  |2 eng 
650 4 |a legislation  |2 eng 
650 4 |a virtual battery  |2 eng 
650 4 |a electricity sharing  |2 eng 
700 1 |a Pípa, Marek  |u 032000  |k Z1  |4 ths  |U FEI Fakulta elektrotechniky a informatiky  |T FEI Ústav elektroenergetiky a aplikovanej elektrotechniky  |X 2666  |U E020  |Y 548  |7 A000002666 
856 4 |u https://opac.crzp.sk/?fn=detailBiblioFormChildA11NUK7&sid=BA75C2D62745AD5726E8979ED92F&seo=CRZP-detail-kniha